Wird geladen...
Freedom : the courage to be yourself /
| 1. Verfasser: | |
|---|---|
| Format: | Printed Book |
| Sprache: | English |
| Veröffentlicht: |
New York :
St. Martin's Griffin,
c2004.
|
| Schriftenreihe: | Osho,
|
| Schlagworte: | |
| Online Zugang: | Contributor biographical information Publisher description |
| LEADER | 01012cam a22002414a 4500 | ||
|---|---|---|---|
| 001 | 13445082 | ||
| 003 | Ost | ||
| 005 | 20190128183720.0 | ||
| 008 | 031229s2004 nyu 000 0 eng | ||
| 999 | |c 11322 |d 11322 | ||
| 020 | |a 9780312320706 | ||
| 082 | |a 181 |b OSH/FRE | ||
| 100 | 0 | |a Osho, |d 1931-1990. | |
| 245 | 1 | 0 | |a Freedom : |b the courage to be yourself / |c Osho. |
| 260 | |a New York : |b St. Martin's Griffin, |c c2004. | ||
| 300 | |a xvi, 165 p. |c | ||
| 490 | 1 | |a Insights for a new way of living | |
| 650 | 0 | |a Liberty |x Religious aspects |x Rajneesh Foundation International. | |
| 830 | 0 | |a Osho, |d 1931-1990. |t Insights for a new way of living. | |
| 856 | 4 | 2 | |3 Contributor biographical information |u http://www.loc.gov/catdir/bios/hol055/2003070878.html |
| 856 | 4 | 2 | |3 Publisher description |u http://www.loc.gov/catdir/description/hol053/2003070878.html |
| 942 | |2 ddc |c BK | ||
| 952 | |0 0 |1 0 |2 ddc |4 0 |6 181_000000000000000_OSH_FRE |7 0 |8 NFIC |9 21935 |a NUALS |b NUALS |d 2018-05-12 |l 1 |o 181 OSH/FRE |p 14556 |r 2020-03-05 |s 2020-02-27 |w 2018-05-12 |y BK | ||